| 000 | 00364nam a22001457a 4500 | ||
|---|---|---|---|
| 020 | _a9780471055846 | ||
| 040 | _cNust | ||
| 082 |
_a519.5 _bCHA |
||
| 100 |
_aWarren Chase _9125263 |
||
| 245 | _aGeneral statistics | ||
| 250 | _a3rd Edition | ||
| 260 |
_aNew York: _bJohn Wiley and sons Inc, _c1997. |
||
| 650 |
_aGeneral statistics _9125264 |
||
| 942 |
_2ddc _cBK |
||
| 999 |
_c611026 _d611026 |
||